000 02765nam a2200481 c 4500
003 BLK
005 20240604005359.0
008 180410b bul|||||r ||||||| ||bul||
010 _aKNG00167882000
020 _a978-954-2950-13-4
_bиздат.: Арс Милениум МММ фонд.
040 _aBLK
041 _aBUL
_cBUL
072 7 _2bullib
_aН82
_xЛитературознание Н
072 7 _2bullib
_aРА
_xРусенски автори
080 _aБългарска литература
_b821.163.2
_x(092)(0:82-9)
_z821.163.2(092)(0:82-9)
080 _aБългарска литература
_b821.163.2
_x-94
_z821.163.2-94
080 _aБългарски писател
_b929 Елин Пелин
_x
_z929 Елин Пелин
100 1 _aЗмей Горянин
_qДимитров, Светлозар Акендиев
_d1905-1958
_gПисател. Автор на учебни помагала. Преводач от църковнославянски език.
_eпърви автор
_970146
700 1 _aДимитров, Светлозар Акендиев
_e*
_9381512
700 1 _aПашалийска, Румяна Мирчева
_eсъстав., предг. и комент.
_9334916
700 1 _aДимитрова, Соня
_e*
_9334917
139 _aЗмей Горянин
_bЕ 53
245 1 0 _aМоят приятел Елин Пелин
_cЗмей Горянин; * Светлозар Акендиев Димитров; състав., предг. и комент. Румяна Мирчева Пашалийска; * Соня Димитрова.
257 _aBGR
260 София
_bАрс Милениум МММ фонд.
_c2013
_fСофия : Симолини-94
300 _a184 с.
_bс ил., портр., факс.
_c20 см
380 _aX
500 _aЗмей Горянин - псевд. на Светлозар Акендиев Димитров. - Змей Горянин за творчеството на Елин Пелин: с. 161-163 ; Приятелите : Елин Пелин / Соня Димитрова: с.164-183 ; Елин Пелин до Соня Димитрова: с 182-183.
600 0 _aЕлин Пелин
_qСтоянов, Димитър Иванов
_9363511
650 4 _aЕлин Пелин
_9248019
650 4 _aПисатели, български - спомени
_9243093
651 4 _aБългария
_9241624
653 _aЕлин Пелин
653 _aбългарски писатели
653 _aспомени
659 _aН
852 _aЦб 271608
856 4 _qpdf
_u
856 4 _qpdf
_u
942 _cKNG
_n0
_04
944 _aCR
_c27.11.2014
_lCRON CRON
_k
944 _aED
_c26.08.2015
_lф /
_kЛюдмила_Стоянова
999 _c160601
_d160601